Welcome to CU Library Online Public Access Catalogue (OPAC)

The creative loop : (Record no. 2539)

MARC details
000 -LEADER
fixed length control field 00634cam a2200217 a 4500
001 - CONTROL NUMBER
control field 2051012
005 - DATE AND TIME OF LATEST TRANSACTION
control field 20250115090712.0
008 - FIXED-LENGTH DATA ELEMENTS--GENERAL INFORMATION
fixed length control field 930514s1993 maua b 001 0 eng
020 ## - INTERNATIONAL STANDARD BOOK NUMBER
International Standard Book Number 0201570793 :
Terms of availability $21.00 ($25.95 Can.)
050 00 - LIBRARY OF CONGRESS CALL NUMBER
Classification number QP360
Item number .H34 1993
082 00 - DEWEY DECIMAL CLASSIFICATION NUMBER
Classification number 612.8/2
Edition information 20
100 1# - MAIN ENTRY--PERSONAL NAME
Personal name Harth, Erich.
245 14 - TITLE STATEMENT
Title The creative loop :
Remainder of title how the brain makes a mind /
Statement of responsibility, etc. Erich Harth.
260 ## - PUBLICATION, DISTRIBUTION, ETC.
Place of publication, distribution, etc. Reading, Mass. :
Name of publisher, distributor, etc. Addison-Wesley,
Date of publication, distribution, etc. c1993.
300 ## - PHYSICAL DESCRIPTION
Extent xxv, 196 p. :
Other physical details ill. ;
Dimensions 25 cm.
650 #0 - SUBJECT ADDED ENTRY--TOPICAL TERM
Topical term or geographic name entry element Brain.
650 #0 - SUBJECT ADDED ENTRY--TOPICAL TERM
Topical term or geographic name entry element Mind and body.
650 #0 - SUBJECT ADDED ENTRY--TOPICAL TERM
Topical term or geographic name entry element Mind-brain identity theory.
650 #0 - SUBJECT ADDED ENTRY--TOPICAL TERM
Topical term or geographic name entry element Biophysics.
942 ## - ADDED ENTRY ELEMENTS (KOHA)
Source of classification or shelving scheme Library of Congress Classification
Koha item type Books
Suppress in OPAC No
999 ## -
-- 2539
-- 2539
Holdings
Withdrawn status Lost status Source of classification or shelving scheme Damaged status Not for loan Collection Home library Current library Shelving location Date acquired Total checkouts Full call number Barcode Date last seen Copy number Price effective from Koha item type
    Library of Congress Classification     Non-fiction Science Library (Miotso) Science Library (Miotso) General stacks 01/15/2025   QP360 .H34 HAR SLM00001789 01/15/2025 1 01/15/2025 Books
© 2023-2024 Copyright: Central University Libraries. All Rights Reserved | Created by: Mahone Tech Office